| 000 | 00476nam a2200145Ia 4500 | ||
|---|---|---|---|
| 008 | 220214s9999 xx 000 0 und d | ||
| 100 | _aRaghavendra Rao N N | ||
| 245 | 0 | _aRelative efficacy of a single pre-monsoon spray of some fungicides for the control of brown fruit-rot of citrus | |
| 260 |
_bIndian Journal of Agricultural Sciences _c1985 |
||
| 300 | _a189-192 | ||
| 650 | _aBrown fruit-rot disease | ||
| 650 | _aDisease control | ||
| 650 | _aFungicides | ||
| 942 | _cRE | ||
| 999 |
_c45444 _d45444 |
||